| 000 | 00908nam a2200277 a 4500 | ||
|---|---|---|---|
| 001 | 4359283 | ||
| 005 | 20170619150139.0 | ||
| 008 | 890615s1987 sj bs 000 0 eng | ||
| 010 | _a 89980213 | ||
| 020 | _a0863721044 | ||
| 040 |
_aDLC _cDLC _dDLC |
||
| 043 | _af-sj--- | ||
| 050 | 0 | 0 |
_aHQ1793.5 _b.S95 1987 |
| 082 | 0 | 0 |
_a305.42/09624 _220 |
| 245 | 0 | 4 |
_aThe Sudanese woman / _cedited by Susan Kenyon. |
| 260 |
_a[Khartoum, Sudan] : _bGraduate College, University of Khartoum, _c1987. |
||
| 300 |
_a185 p. ; _c22 cm. |
||
| 490 | 1 |
_aGraduate College publications ; _vno. 19 |
|
| 650 | 0 |
_aWomen _zSudan. |
|
| 651 | 0 |
_aSudan _xSocial conditions. |
|
| 700 | 1 | _aKenyon, Susan M. | |
| 830 | 0 |
_aGraduate College publications ; _vmonograph 19. |
|
| 906 |
_a7 _bcbc _corignew _d3 _encip _f19 _gy-gencatlg |
||
| 942 | _2ddc | ||
| 999 |
_c63697 _d63671 |
||